Central Library OPAC University of Rajshahi

Indian Political Movement, 1919-1971 : (Record no. 75800)

MARC details
000 -LEADER
fixed length control field 00805nam a2200241 4500
001 - CONTROL NUMBER
control field 75800
003 - CONTROL NUMBER IDENTIFIER
rucl marc code BD-RjUL
005 - DATE AND TIME OF LATEST TRANSACTION
control field 20211209082740.0
008 - FIXED-LENGTH DATA ELEMENTS--GENERAL INFORMATION
fixed length control field 190709s1976 ii ||||||||b| 00| 0 eng d
020 ## - INTERNATIONAL STANDARD BOOK NUMBER
Terms of availability : IRs. 155.00
035 ## - SYSTEM CONTROL NUMBER
System control number (BD-RjUL)76019
040 ## - CATALOGING SOURCE
Original cataloging agency BD-RjUL
Language of cataloging eng
Transcribing agency BD-RjUL
Modifying agency BD-RjUL
041 ## - LANGUAGE CODE
Language code of text/sound track or separate title eng
082 ## - DEWEY DECIMAL CLASSIFICATION NUMBER
Edition number 23
Classification number 016.324254
Author mark and year GHI 1976
100 1# - MAIN ENTRY--PERSONAL NAME
Relator code Ghosh, Arun
245 ## - TITLE STATEMENT
Title Indian Political Movement, 1919-1971 :
Remainder of title A Systematic Bibliography /
Statement of responsibility, etc. Arun Ghosh, Ranjit Ghosh
260 ## - PUBLICATION, DISTRIBUTION, ETC. (IMPRINT)
Place of publication, distribution, etc. Calcutta:
Name of publisher, distributor, etc. India Book Exchange,
Date of publication, distribution, etc. 1976
300 ## - PHYSICAL DESCRIPTION
Pagination xviii, 499, [1] p. ;
Size 24 cm
650 ## - SUBJECT ADDED ENTRY--TOPICAL TERM
Topical term or geographic name as entry element Political parties
Geographic subdivision India .
General subdivision Bibliography. .
9 (RLIN) 232287
651 ## - SUBJECT ADDED ENTRY--GEOGRAPHIC NAME
Geographic name India
General subdivision Politics and government
Form subdivision Bibliography.
9 (RLIN) 232288
700 ## - ADDED ENTRY--PERSONAL NAME
Personal name Ghosh, Ranjit , Jt. auth.
942 ## - ADDED ENTRY ELEMENTS (KOHA)
Source of classification or shelving scheme Dewey Decimal Classification
Koha item type Reference
Holdings
Lost status Source of classification or shelving scheme Damaged status Not for loan Collection code Permanent Location Current Location Shelving location Date acquired Source of acquisition Cost, normal purchase price Total Checkouts Full call number Date last seen Copy number Koha item type
  Dewey Decimal Classification   Not For Loan Reference Central Library, University of Rajshahi Central Library, University of Rajshahi   04/04/1977 K. P. Bagchi 155.00   R 016.324254 GHI 1976 09/07/2019 C-1 Reference